000 00976nam a22002537a 4500
005 20150911164020.0
008 131126b xxu||||| |||| 00| 0 pun d
010 _aPUN-7937 B-578073-076
020 _c100.00
_a9789350176064
035 _aPN- B-578073-076
037 _bDBAD / PUB
037 _bUnistar Books
037 _bBPPD/Ven/Resaerchkoo Books
040 _adpl
_bpn
082 _a851
100 _aਸੁਖਵਿੰਦਰ ਅੰਮ੍ਰਿਤ
245 _aਕਣੀਆਂ /
_cਸੁਕਵਿੰਦਰ ਅੰਮ੍ਰਿਤ
246 _aKanian
_bby Sukhwinder Amrit
260 _aChandigarh
_bUnistar Books
_c2011
270 _bChandigarh
_asco-26-27, sector-34 A
_k0172-5077427- 9815471219
_e160022
300 4 _a80p.
_c22ਸੇਂਮੀ (ਸਜਿਲੱਦ)
942 _2ddc
_cPN
_h851
_mਸੁਖਵਿੰ
999 _c88017
_d88017